[Event "Karelia-ch 63rd"]
[Site "Petrozavodsk"]
[Date "2010.02.21"]
[Round "2"]
[White "Yachmenev, Mikhail A"]
[Black "Komarov, Roman"]
[Result "1/2-1/2"]
[WhiteElo "2265"]
[BlackElo "2085"]
[PlyCount "60"]
[EventDate "2010.02.20"]
[EventType "swiss"]
[EventRounds "9"]
[EventCountry "RUS"]
[SourceTitle "CBM 135 Extra"]
[Source "ChessBase"]
[SourceDate "2010.05.04"]
[SourceVersion "1"]
[SourceVersionDate "2010.05.04"]
[SourceQuality "1"]

1. e4 c6 2. d4 d5 3. e5 Bf5 4. Nf3 e6 5. Be2 c5 6. 0-0 Nc6 7. c3 Bg4 8. Be3 Qb6 9. dxc5 Bxc5 10. Bxc5 Qxc5 11. Nbd2 Nge7 12. Qa4 Bxf3 13. Nxf3 0-0 14. Bd3 Ng6 15. Rae1 f5 16. h4 Rab8 17. g3 b5 18. Qc2 h6 19. b4 Qb6 20. a4 a6 21. axb5 axb5 22. Qe2 Nge7 23. Ra1 d4 24. cxd4 Nxd4 25. Nxd4 Qxd4 26. Ra6 Rb6 27. Rxb6 Qxb6 28. Bxb5 Nd5 29. Ba4 Qxb4 30. Qa2 Qc5 1/2-1/2

[Event "Karelia-ch"]
[Site "Petrozavodsk"]
[Date "2008.03.10"]
[Round "9"]
[White "Savolainen, Lev P"]
[Black "Komarov, Roman"]
[Result "1-0"]
[WhiteElo "2190"]
[BlackElo "2083"]
[PlyCount "115"]
[EventDate "2008.03.05"]
[EventType "swiss"]
[EventRounds "9"]
[EventCountry "RUS"]
[SourceTitle "CBM 123 Extra"]
[Source "ChessBase"]
[SourceDate "2008.05.06"]
[SourceVersion "1"]
[SourceVersionDate "2008.05.06"]
[SourceQuality "1"]

1. d4 d5 2. c4 e6 3. Nc3 h6 4. Nf3 Nf6 5. e3 c5 6. dxc5 Bxc5 7. cxd5 exd5 8. Bb5+ Nc6 9. 0-0 0-0 10. b3 Be6 11. Bb2 Rc8 12. Rc1 Qe7 13. Ne2 Ba3 14. Bxa3 Qxa3 15. Bxc6 bxc6 16. Qc2 c5 17. Rfd1 Rfd8 18. Nc3 Bg4 19. Rd2 Bxf3 20. gxf3 Qb4 21. Qd1 Qh4 22. Ne2 Re8 23. Rdc2 Re5 24. Rxc5 Rxc5 25. Rxc5 Rh5 26. Ng3 Qxh2+ 27. Kf1 Qh3+ 28. Ke2 Re5 29. Qd4 Re7 30. Qf4 Qe6 31. Nf5 Re8 32. a4 Qa6+ 33. Rb5 Qc8 34. Nd4 Nh7 35. Qd6 Ng5 36. Nc6 Qf5 37. Nd4 Qb1 38. Rb8 Rxb8 39. Qxb8+ Kh7 40. Qxa7 Qb2+ 41. Kf1 Qb1+ 42. Kg2 Qg6 43. Qb8 Ne6+ 44. Qg3 Qd3 45. Qg4 Nc5 46. a5 Qa6 47. b4 Na4 48. Qf5+ Kg8 49. Qxd5 Qg6+ 50. Kh2 Nc3 51. Qf5 Qd6+ 52. Kg2 Qxb4 53. Qc8+ Kh7 54. a6 Qa5 55. a7 Qxa7 56. Qxc3 Qe7 57. Qa5 g6 58. Qd5 1-0

[Event "Karelia-ch"]
[Site "Petrozavodsk"]
[Date "2008.03.08"]
[Round "6"]
[White "Komarov, Roman"]
[Black "Gubaidullin, Mannifanzil"]
[Result "1-0"]
[WhiteElo "2083"]
[BlackElo "2019"]
[PlyCount "35"]
[EventDate "2008.03.05"]
[EventType "swiss"]
[EventRounds "9"]
[EventCountry "RUS"]
[SourceTitle "CBM 123 Extra"]
[Source "ChessBase"]
[SourceDate "2008.05.06"]
[SourceVersion "1"]
[SourceVersionDate "2008.05.06"]
[SourceQuality "1"]

1. d4 e6 2. e3 d5 3. c4 Nf6 4. Nf3 Nbd7 5. Nc3 b6 6. cxd5 exd5 7. Bb5 Bb7 8. Ne5 a6 9. Bc6 Bxc6 10. Nxc6 Qc8 11. Qf3 Qb7 12. Nxd5 Bd6 13. Nxf6+ gxf6 14. Bd2 a5 15. Rc1 Rg8 16. Qe4+ Kf8 17. Qxh7 Rxg2 18. Qh3 1-0

[Event "Karelia-ch"]
[Site "Petrozavodsk"]
[Date "2008.03.06"]
[Round "3"]
[White "Popelyshev, Igor Viktorovich"]
[Black "Komarov, Roman"]
[Result "1/2-1/2"]
[WhiteElo "2130"]
[BlackElo "2083"]
[PlyCount "107"]
[EventDate "2008.03.05"]
[EventType "swiss"]
[EventRounds "9"]
[EventCountry "RUS"]
[SourceTitle "CBM 123 Extra"]
[Source "ChessBase"]
[SourceDate "2008.05.06"]
[SourceVersion "1"]
[SourceVersionDate "2008.05.06"]
[SourceQuality "1"]

1. e4 e6 2. d4 d5 3. exd5 exd5 4. Bd3 Nf6 5. Bf4 Bd6 6. Ne2 0-0 7. 0-0 Bg4 8. f3 Bh5 9. c3 Bg6 10. Bxg6 hxg6 11. Na3 Bxa3 12. bxa3 Nc6 13. Qa4 Re8 14. Rae1 Nd7 15. Nc1 Nb6 16. Rxe8+ Qxe8 17. Qd1 Qe7 18. Nd3 Qxa3 19. Qb3 Qxb3 20. axb3 Nd7 21. Bxc7 Rc8 22. Bd6 Na5 23. Ra1 Nxb3 24. Rxa7 Rxc3 25. Nf4 Nxd4 26. Rxb7 Nf6 27. Be5 Rc1+ 28. Kf2 Rc2+ 29. Ke3 Nf5+ 30. Kd3 Ra2 31. g4 Ra3+ 32. Kc2 Ne3+ 33. Kc1 Nc4 34. Rb8+ Kh7 35. Nh3 g5 36. Nxg5+ Kg6 37. Bxf6 Kxf6 38. f4 d4 39. Rb4 Ra1+ 40. Kc2 Ne3+ 41. Kb2 Ra7 42. h3 Rd7 43. Ne4+ Ke7 44. Nd2 Nd1+ 45. Kc2 Nf2 46. Nf3 Nxh3 47. Nxd4 g6 48. Nc6+ Kf8 49. Ne5 Rc7+ 50. Kd2 Kg7 51. g5 f6 52. gxf6+ Kxf6 53. Rb6+ Kf5 54. Nxg6 1/2-1/2

[Event "Petrozavodsk Elo-A"]
[Site "Petrozavodsk"]
[Date "2007.10.15"]
[Round "5"]
[White "Komarov, Roman"]
[Black "Vlassow, Valentin"]
[Result "0-1"]
[WhiteElo "2115"]
[BlackElo "2388"]
[PlyCount "64"]
[EventDate "2007.10.11"]
[EventType "tourn"]
[EventRounds "9"]
[EventCountry "RUS"]
[SourceTitle "EXT 2009"]
[Source "ChessBase"]
[SourceDate "2008.11.26"]
[SourceVersion "1"]
[SourceVersionDate "2008.11.26"]
[SourceQuality "1"]

1. d4 d5 2. Nf3 Bf5 3. Bf4 e6 4. e3 Nf6 5. Bd3 Ne4 6. 0-0 Nd7 7. Ne5 Bd6 8. f3 Nef6 9. e4 Nxe5 10. exf5 Nxd3 11. Bxd6 Nxb2 12. Qc1 Qxd6 13. Qxb2 0-0 14. fxe6 Qxe6 15. Na3 Rfe8 16. Rab1 c6 17. Rf2 Re7 18. Rbf1 Rae8 19. Nb1 Nh5 20. g3 Qh3 21. c3 h6 22. Qd2 Re3 23. Na3 Qf5 24. g4 Qg6 25. Kh1 Nf4 26. Nc2 Re2 27. Qxf4 Qxc2 28. Kg2 Qxc3 29. Kg3 Rxf2 30. Rxf2 Qe3 31. Qxe3 Rxe3 32. Rb2 Re7 0-1